000 00390pab a2200157 454500
008 180718b2001 xxu||||| |||| 00| 0 eng d
100 _aSrinivasan, G.
245 _aEconomic survey: crucial action needed in key areas
260 _c2001
300 _ap.17-23
362 _aApr
650 _aEconomic surveys - India
650 _aEconomic surveys
773 _aYojana
909 _a48245
999 _c48245
_d48245